Indian women and sports / (Record no. 128769)

MARC details
000 -LEADER
fixed length control field 00688nam a22002297a 4500
005 - DATE AND TIME OF LATEST TRANSACTION
control field 20170124110045.0
010 ## - LIBRARY OF CONGRESS CONTROL NUMBER
LC control number A-387070
020 ## - INTERNATIONAL STANDARD BOOK NUMBER
Terms of availability 00.00
International Standard Book Number 8170330866
035 ## - SYSTEM CONTROL NUMBER
System control number A-387070
037 ## - SOURCE OF ACQUISITION
Source of stock number/acquisition Cen Lib/Ret
040 ## - CATALOGING SOURCE
Original cataloging agency DPL
Language of cataloging EN
082 ## - DEWEY DECIMAL CLASSIFICATION NUMBER
Classification number 796.0194
Item number SIN
100 ## - MAIN ENTRY--PERSONAL NAME
Personal name Singh, M.K.
9 (RLIN) 24389
245 ## - TITLE STATEMENT
Title Indian women and sports /
Statement of responsibility, etc by M.K. Singh
260 ## - PUBLICATION, DISTRIBUTION, ETC. (IMPRINT)
Place of publication, distribution, etc Jaipur
Name of publisher, distributor, etc Rawat Publications
Date of publication, distribution, etc 1990
270 ## - ADDRESS
Address 3-Na-20, Jawahar Nagar
City Jaipur
Postal code 302004
300 ## - PHYSICAL DESCRIPTION
Extent xvi,216p. :
Dimensions 22cm(Hb)
Other physical details ill.
500 ## - GENERAL NOTE
General note Includes bibliographical references and index.
650 ## - SUBJECT ADDED ENTRY--TOPICAL TERM
Topical term or geographic name as entry element Sports
9 (RLIN) 81102
650 ## - SUBJECT ADDED ENTRY--TOPICAL TERM
Topical term or geographic name as entry element women in sports
9 (RLIN) 81103
942 ## - ADDED ENTRY ELEMENTS (KOHA)
Source of classification or shelving scheme Dewey Decimal Classification
Koha item type English Books
Classification part 796.0194
Call number suffix SIN
Holdings
Withdrawn status Lost status Damaged status Not for loan Home library Current library Date acquired Source of acquisition Cost, normal purchase price Total Checkouts Full call number Barcode Date last seen Copy number Cost, replacement price Price effective from Koha item type
        Central Library Central Library 03/07/2015 Cen Lib/Ret 0.00   796.0194 SIN A-387070 03/07/2015 1 0.00 03/07/2015 English Books

© Delhi Public Library
Hit Counter
free hit counter